00311nam a2200109Ia 4500008004100000020001500041082001500056100002500071245005600096260004000152300000900192210430s9999 xx 000 0 und d a8130706067 a150 C683 F aM. Colins, J. Drever 2aA First Laboratory guide in psychology /cM. Colins aNew DelhibCosmo Publicationsc2007 a107p